[Event "Asia-ch U20"]
[Site "Jamshedpur"]
[Date "2023.09.13"]
[Round "7"]
[White "Zia, Tahsin Tajwar"]
[Black "Agarwal, Mukund Hemant"]
[Result "1-0"]
[WhiteElo "2321"]
[BlackElo "1917"]
[PlyCount "101"]
[EventDate "2023.09.09"]
[EventType "swiss"]
[EventRounds "9"]
[EventCountry "IND"]
[SourceTitle "EXT 2024"]
[Source "ChessBase"]
[SourceDate "2023.10.10"]
[SourceVersion "1"]
[SourceVersionDate "2023.10.10"]
[SourceQuality "1"]

1. Nf3 Nf6 2. c4 e6 3. g3 d5 4. Bg2 d4 5. e3 c5 6. exd4 cxd4 7. d3 Nc6 8. 0-0 h6 9. Na3 Bd6 10. Nc2 e5 11. b4 0-0 12. Rb1 Re8 13. Nd2 Bf5 14. Qe2 Qd7 15. Ne4 Nxe4 16. Bxe4 Bf8 17. b5 Ne7 18. Nb4 Bxe4 19. Qxe4 Nc8 20. a4 Nb6 21. a5 Na4 22. Nd5 Nc5 23. Qf3 Rac8 24. Ba3 e4 25. dxe4 Nxe4 26. Bxf8 Kxf8 27. Qd3 Nd6 28. Qh7 f6 29. Nxf6 Qe6 30. Nxe8 Rxe8 31. Qd3 Nxc4 32. Qxd4 Kg8 33. Rbe1 Ne5 34. Kg2 Re7 35. f4 Rd7 36. Qxe5 Rd2+ 37. Rf2 Qa2 38. Qe6+ Qxe6 39. Rxe6 Rd5 40. Re5 Rd7 41. Rc2 Kh7 42. b6 axb6 43. axb6 Rd6 44. Rb5 Rd4 45. Rc7 Rd2+ 46. Kh3 Kg6 47. Rxb7 Kf6 48. Rc7 g5 49. fxg5+ hxg5 50. Rc6+ Kf7 51. b7 1-0